The impact of construction and demolition waste legislation on the UK construction industry (Record no. 74064)
[ view plain ]
| 000 -LEADER | |
|---|---|
| fixed length control field | 01853cab a2200301 4500 |
| 001 - CONTROL NUMBER | |
| control field | ABS67472 |
| 008 - FIXED-LENGTH DATA ELEMENTS--GENERAL INFORMATION | |
| fixed length control field | 040121n2003 000 0 eng u |
| 035 ## - SYSTEM CONTROL NUMBER | |
| System control number | (Sirsi) u124881 |
| 100 ## - MAIN ENTRY--PERSONAL NAME | |
| Personal name | Davenport, D. |
| 245 #4 - TITLE STATEMENT | |
| Title | The impact of construction and demolition waste legislation on the UK construction industry |
| 260 ## - PUBLICATION, DISTRIBUTION, ETC. | |
| Date of publication, distribution, etc. | 2003 |
| 490 ## - SERIES STATEMENT | |
| Series statement | Construction Law Journal |
| Volume/sequential designation | 19(8) 2003, 425-449(25) |
| 520 ## - SUMMARY, ETC. | |
| Summary, etc. | Assesses the impact of construction and demolition waste legislation on the UK construction industry. Discusses in some depth the background to and the recommendations of the European Commission's "Management of construction and demolition waste working document no 1" for dealing with construction and demolition waste within the European Community. Reviews relevant legislation and case law within the UK together with an evaluation of their significance for the UK construction industry. Main issues raised include potential burdens on construction industry businesses, offences in connection with waste, duty of care and environmental liability for remediation of contaminated sites, definition of waste as interpreted by the courts, the effect on landfill regulation and taxes on development and operators and the recycling of inert waste and aggregates. Consider the interaction between planning and waste management highlighting key UK and European Community legislation. Bibliography. |
| 590 ## - LOCAL NOTE (RLIN) | |
| Local note | ABS |
| 650 ## - SUBJECT ADDED ENTRY--TOPICAL TERM | |
| Topical term or geographic name entry element | CONSTRUCTION INDUSTRY |
| 650 ## - SUBJECT ADDED ENTRY--TOPICAL TERM | |
| Topical term or geographic name entry element | DEMOLITION |
| 650 ## - SUBJECT ADDED ENTRY--TOPICAL TERM | |
| Topical term or geographic name entry element | WASTE MATERIALS |
| 650 ## - SUBJECT ADDED ENTRY--TOPICAL TERM | |
| Topical term or geographic name entry element | Environment |
| 9 (RLIN) | 6238 |
| 650 ## - SUBJECT ADDED ENTRY--TOPICAL TERM | |
| Topical term or geographic name entry element | HAZARDOUS WASTE |
| 650 ## - SUBJECT ADDED ENTRY--TOPICAL TERM | |
| Topical term or geographic name entry element | EC LEGISLATION |
| 650 ## - SUBJECT ADDED ENTRY--TOPICAL TERM | |
| Topical term or geographic name entry element | LANDFILL |
| 650 ## - SUBJECT ADDED ENTRY--TOPICAL TERM | |
| Topical term or geographic name entry element | DUTY OF CARE |
| 650 ## - SUBJECT ADDED ENTRY--TOPICAL TERM | |
| Topical term or geographic name entry element | LIABILITY |
| 650 ## - SUBJECT ADDED ENTRY--TOPICAL TERM | |
| Topical term or geographic name entry element | FLY TIPPING |
| 650 ## - SUBJECT ADDED ENTRY--TOPICAL TERM | |
| Topical term or geographic name entry element | ENVIRONMENTAL PROTECTION ACT 1995 |
| 690 ## - LOCAL SUBJECT ADDED ENTRY--TOPICAL TERM (OCLC, RLIN) | |
| Topical term or geographic name as entry element | ENVIRONMENTAL AND LAND CONSULTANCY-WASTE MANAGEMENT |
| 942 ## - ADDED ENTRY ELEMENTS (KOHA) | |
| Suppress in OPAC | 0 |
| Withdrawn status | Lost status | Source of classification or shelving scheme | Damaged status | Not for loan | Home library | Current library | Shelving location | Date acquired | Total Checkouts | Full call number | Barcode | Date last seen | Copy number | Price effective from | Koha item type |
|---|---|---|---|---|---|---|---|---|---|---|---|---|---|---|---|
| Dewey Decimal Classification | London | London | Journal article | 21/01/2004 | ABS67472 | 124881-1001 | 06/08/2019 | 1 | 06/08/2019 | Journal article |